41 - 佐賀県の自治体(Text) - Statistics

General Stats
  • This quiz has been taken 7 times
  • The average score is 16 of 20
Answers on the Map
Answers color-coded by a green-red scale on the quiz's map according to % correct below.
 
Answer Stats
市町村 % Correct
伊万里いまり
100%
嬉野うれしの
100%
佐賀さが
100%
武雄たけお
100%
鳥栖とす
100%
神埼かんざきぐん 吉野ヶ里よしのがりちょう
100%
西松浦にしまつうらぐん 有田ありたちょう
86%
唐津からつ
86%
東松浦ひがしまつうらぐん 玄海げんかいちょう
86%
杵島きしまぐん 白石しろいしちょう
86%
杵島きしまぐん 大町おおまちちょう
71%
小城おぎ
71%
神埼かんざき
71%
三養基みやきぐん 基山きやまちょう
71%
杵島きしまぐん 江北こうほくまち
71%
三養基みやきぐん みやきちょう
71%
鹿島かしま
57%
多久たく
57%
藤津ふじつぐん 太良たらちょう
57%
三養基みやきぐん 上峰かみみねちょう
43%
No matching quizzes found
Score Distribution
Percent of People with Each Score
Percentile by Number Answered
Your Score History
You have not taken this quiz